000 01225nam a2200277 4500
001 0000022389
003 CO-CtgCURN
005 20250331185139.0
008 160627s2000 000 0 eng d
020 _a9588038383
040 _aCO-CtgCURN
_bspa
_ccoctgcurn
082 0 _a610
_bO76c
100 1 _aOspina, Julio Enrique.
245 1 4 _aLos caminos de la filosofia, la historia y la ciencia en medicina /
_cJulio Enrique Ospina.
260 _aBogotá :
_bAsociacion Colombiana de Facultades de Medicina,
_c2000.
300 _a202 p.
336 _2rdacontent
337 _2rdamedia
_asin mediacion
_bn
338 _2rdacarrier
_avolumen
_bnc
504 _aIncluye bibliografia (p. 177-203)
505 8 _aLos caminos de la filosofia y de la ciencia modernas.--Los origenes de la filosofia.--La fisica moderna y la energia nuclear.--La biología.-- Cromosomas sexuales.--La genetica, los acidos nucleicos y las proteinas.--Retrospectiva de la educación medica en Colombia.--Las leyes neoliberales y su impacto social.--El tiempo de la prospectiva
650 0 _aFilosofia medica.
908 _a160627
942 _cBK
_h610
_iO76c
_2ddc
999 _c21286
_d21286
_x1